[Event "Gilan Friendship Cup"]
[White "Tahbaz, Arash"]
[Black "Safari, Parham"]
[Site "Gilan"]
[Round "1"]
[Result "1-0"]
[Date "2014.11.30"]
[WhiteElo "2277"]
[BlackElo "1417"]
[PlyCount "33"]
[EventDate "2014.11.30"]
[EventType "swiss"]
[EventRounds "9"]
[EventCountry "IRI"]
[SourceTitle "CBM 163 Extra"]
[Source "ChessBase"]
[SourceDate "2014.12.23"]
[SourceVersion "1"]
[SourceVersionDate "2014.12.23"]
[SourceQuality "1"]

1. e4 e6 2. d4 d5 3. Nd2 c5 4. exd5 Qxd5 5. Ngf3 cxd4 6. Bc4 Qd6 7. Qe2 Nc6 8. Nb3 Nf6 9. Bg5 Be7 10. 0-0-0 Bd7 11. Nbxd4 Qb8 12. Nxc6 Bxc6 13. Ne5 Qc7 14. Nxf7 Kxf7 15. Qxe6+ Kg6 16. Bd3+ Kxg5 17. h4+ 1-0